<?xml version="1.0" encoding="UTF-8"?>
<record
    xmlns:xsi="http://www.w3.org/2001/XMLSchema-instance"
    xsi:schemaLocation="http://www.loc.gov/MARC21/slim http://www.loc.gov/standards/marcxml/schema/MARC21slim.xsd"
    xmlns="http://www.loc.gov/MARC21/slim">

  <leader>01146nam a22002417a 4500</leader>
  <datafield tag="010" ind1=" " ind2=" ">
    <subfield code="a">B-082433</subfield>
  </datafield>
  <datafield tag="020" ind1=" " ind2=" ">
    <subfield code="c">200.00</subfield>
  </datafield>
  <datafield tag="035" ind1=" " ind2=" ">
    <subfield code="a">B-082433</subfield>
  </datafield>
  <datafield tag="037" ind1=" " ind2=" ">
    <subfield code="a">Cen Lib / Ret</subfield>
  </datafield>
  <datafield tag="040" ind1=" " ind2=" ">
    <subfield code="a">DPL</subfield>
    <subfield code="b">PN</subfield>
  </datafield>
  <datafield tag="082" ind1=" " ind2=" ">
    <subfield code="2">455</subfield>
    <subfield code="a">&#xA1A;&#xA40;&#xA2E;&#xA3E;&#xA2C;</subfield>
  </datafield>
  <datafield tag="100" ind1=" " ind2=" ">
    <subfield code="a">&#xA1A;&#xA40;&#xA2E;&#xA3E;, &#xA2C;&#xA32;&#xA26;&#xA47;&#xA35; &#xA38;&#xA3F;&#xA70;&#xA18;  </subfield>
    <subfield code="9">131883</subfield>
  </datafield>
  <datafield tag="245" ind1=" " ind2=" ">
    <subfield code="a">&#xA2A;&#xA70;&#xA1C;&#xA3E;&#xA2C;&#xA40; &#xA35;&#xA3F;&#xA2F;&#xA3E;&#xA15;&#xA30;&#xA23; &#xA05;&#xA24;&#xA47; &#xA2D;&#xA3E;&#xA38;&#xA3C;&#xA3E; &#xA35;&#xA3F;&#xA17;&#xA3F;&#xA06;&#xA3E;&#xA28; :</subfield>
    <subfield code="b">&#xA24;&#xA15;&#xA28;&#xA40;&#xA15;&#xA40; &#xA38;&#xA3C;&#xA2C;&#xA26;&#xA3E;&#xA35;&#xA32;&#xA40; &#xA26;&#xA3E; &#xA35;&#xA3F;&#xA38;&#xA3C;&#xA3E;-&#xA15;&#xA4B;&#xA38;&#xA3C; /</subfield>
    <subfield code="c">&#xA2C;&#xA32;&#xA26;&#xA47;&#xA35; &#xA38;&#xA3F;&#xA70;&#xA18; &#xA1A;&#xA40;&#xA2E;&#xA3E; </subfield>
  </datafield>
  <datafield tag="246" ind1=" " ind2=" ">
    <subfield code="a">Punjabi vivakaran ate bhasha vigyan : takniki shabdavali da visha-kosh /</subfield>
    <subfield code="b">by Baldev Singh Cheema </subfield>
  </datafield>
  <datafield tag="260" ind1=" " ind2=" ">
    <subfield code="a">&#xA2A;&#xA1F;&#xA3F;&#xA06;&#xA32;&#xA3E;</subfield>
    <subfield code="b">&#xA2A;&#xA70;&#xA1C;&#xA3E;&#xA2C;&#xA40; &#xA2F;&#xA42;&#xA28;&#xA40;&#xA35;&#xA30;&#xA38;&#xA3F;&#xA1F;&#xA40;</subfield>
    <subfield code="c">2000</subfield>
  </datafield>
  <datafield tag="270" ind1=" " ind2=" ">
    <subfield code="a">&#xA2A;&#xA70;&#xA1C;&#xA3E;&#xA2C;&#xA40; &#xA2F;&#xA42;&#xA28;&#xA40;&#xA35;&#xA30;&#xA38;&#xA3F;&#xA1F;&#xA40;</subfield>
    <subfield code="b">&#xA2A;&#xA1F;&#xA3F;&#xA06;&#xA32;&#xA3E;</subfield>
  </datafield>
  <datafield tag="300" ind1=" " ind2=" ">
    <subfield code="a">250p ; </subfield>
    <subfield code="b">24cm</subfield>
  </datafield>
  <datafield tag="650" ind1=" " ind2=" ">
    <subfield code="a">Panjabi language -- Grammar.</subfield>
    <subfield code="9">131884</subfield>
  </datafield>
  <datafield tag="650" ind1=" " ind2=" ">
    <subfield code="a">&#xA2A;&#xA70;&#xA1C;&#xA3E;&#xA2C;&#xA40; &#xA2D;&#xA3E;&#xA38;&#xA3C;&#xA3E; - &#xA35;&#xA3F;&#xA06;&#xA15;&#xA30;&#xA23;.</subfield>
    <subfield code="9">131885</subfield>
  </datafield>
  <datafield tag="650" ind1=" " ind2=" ">
    <subfield code="a">Punjabi language </subfield>
    <subfield code="9">3263</subfield>
  </datafield>
  <datafield tag="650" ind1=" " ind2=" ">
    <subfield code="a">&#xA2A;&#xA70;&#xA1C;&#xA3E;&#xA2C;&#xA40; &#xA2D;&#xA3E;&#xA38;&#xA3C;&#xA3E;</subfield>
    <subfield code="9">131886</subfield>
  </datafield>
  <datafield tag="942" ind1=" " ind2=" ">
    <subfield code="2">ddc</subfield>
    <subfield code="c">PN</subfield>
    <subfield code="h">455</subfield>
    <subfield code="m">&#xA1A;&#xA40;&#xA2E;&#xA3E;&#xA2C;</subfield>
  </datafield>
  <datafield tag="999" ind1=" " ind2=" ">
    <subfield code="c">110834</subfield>
    <subfield code="d">110834</subfield>
  </datafield>
  <datafield tag="952" ind1=" " ind2=" ">
    <subfield code="0">0</subfield>
    <subfield code="1">0</subfield>
    <subfield code="4">0</subfield>
    <subfield code="7">0</subfield>
    <subfield code="a">L</subfield>
    <subfield code="b">L</subfield>
    <subfield code="d">2016-02-09</subfield>
    <subfield code="e">Cen Lib/Ret</subfield>
    <subfield code="g">200.00</subfield>
    <subfield code="l">1</subfield>
    <subfield code="o">455 &#xA1A;&#xA40;&#xA2E;&#xA3E;&#xA2C;</subfield>
    <subfield code="p">B-082433</subfield>
    <subfield code="r">2019-02-26 00:00:00</subfield>
    <subfield code="s">2019-02-19</subfield>
    <subfield code="t">1</subfield>
    <subfield code="v">200.00</subfield>
    <subfield code="w">2016-02-09</subfield>
    <subfield code="y">PN</subfield>
  </datafield>
  <datafield tag="952" ind1=" " ind2=" ">
    <subfield code="0">0</subfield>
    <subfield code="1">0</subfield>
    <subfield code="2">ddc</subfield>
    <subfield code="4">0</subfield>
    <subfield code="7">0</subfield>
    <subfield code="a">BL1</subfield>
    <subfield code="b">BL1</subfield>
    <subfield code="d">2019-03-06</subfield>
    <subfield code="g">200.00</subfield>
    <subfield code="l">0</subfield>
    <subfield code="o">455 &#xA1A;&#xA40;&#xA2E;&#xA3E;&#xA2C;</subfield>
    <subfield code="p">B-082434</subfield>
    <subfield code="r">2019-03-06 00:00:00</subfield>
    <subfield code="v">200.00</subfield>
    <subfield code="w">2019-03-06</subfield>
    <subfield code="y">PN</subfield>
  </datafield>
</record>
